000 00434 a2200157 4500
001 75067
020 _a9788502616127
040 _cAnchieta - Colégio São Paulo
100 _aAmora, Antônio Soares
240 1 0 _aMinidicionário Soares Amora da língua portuguesa
_lpor
245 1 0 _aMinidicionário Soares Amora da língua portuguesa
300 _a1004
362 0 _a2014
650 4 _aObras enciclopédicas gerais
942 _cBK
999 _c75067
_d75067